基督教基督論淺析 Jidu jiao Jidu lun qian xi (Record no. 35190)
[ view plain ]
| 000 -LEADER | |
|---|---|
| fixed length control field | 01098nam a2200277 4500 |
| 008 - FIXED-LENGTH DATA ELEMENTS--GENERAL INFORMATION | |
| fixed length control field | 110120s2009 cc b 000 0 chi d |
| 020 ## - INTERNATIONAL STANDARD BOOK NUMBER | |
| International Standard Book Number | 9624573913 |
| 020 ## - INTERNATIONAL STANDARD BOOK NUMBER | |
| International Standard Book Number | 9789624573916 :HK98.00/Php474.82 |
| 041 1# - LANGUAGE CODE | |
| Language code of text/sound track or separate title | chi |
| Language code of original and/or intermediate translations of text | eng |
| 090 ## - LOCALLY ASSIGNED LC-TYPE CALL NUMBER (OCLC); LOCAL CALL NUMBER (OCLC) | |
| Classification number (OCLC) (R) ; Classification number, CALL (RLIN) (NR) | BT198 |
| Local cutter number (OCLC) ; Book number/undivided call number, CALL (RLIN) | B94j |
| -- | 2009 |
| -- | c.2 |
| 100 1# - MAIN ENTRY--PERSONAL NAME | |
| Personal name | 詹姆士.沙利文 Burridge, Richard A., |
| Dates associated with a name | 1955- |
| 240 10 - UNIFORM TITLE | |
| Uniform title | Jesus now and then. |
| Language of a work | Chinese |
| 245 10 - TITLE STATEMENT | |
| Title | 基督教基督論淺析 Jidu jiao Jidu lun qian xi |
| 246 10 - VARYING FORM OF TITLE | |
| Title proper/short title | Jesus now and then / |
| -- | 詹姆士.沙利文 Boliqi, Gu'erde zhu ; Ou Bingzhong yi. |
| 260 ## - PUBLICATION, DISTRIBUTION, ETC. (IMPRINT) | |
| Place of publication, distribution, etc | Xianggang : |
| Name of publisher, distributor, etc | 基督教出版社 Ji dao chu ban she, |
| Date of publication, distribution, etc | c2009. |
| 300 ## - PHYSICAL DESCRIPTION | |
| Extent | [8], 279 p. ; |
| Dimensions | 22 cm. |
| 490 1# - SERIES STATEMENT | |
| Series statement | 系統神學叢書 Xi tong shen xue cong shu |
| 500 ## - GENERAL NOTE | |
| General note | Translation of: Jesus now and then. |
| 504 ## - BIBLIOGRAPHY, ETC. NOTE | |
| Bibliography, etc | Includes bibliographical references (p. 267-272). |
| 600 14 - SUBJECT ADDED ENTRY--PERSONAL NAME | |
| Personal name | Jesus Christ |
| General subdivision | History of doctrines {ch}. |
| 600 14 - SUBJECT ADDED ENTRY--PERSONAL NAME | |
| Personal name | Jesus Christ |
| General subdivision | Person and offices {ch}. |
| 951 ## - EQUIVALENCE OR CROSS-REFERENCE-GEOGRAPHIC NAME/AREA NAME [OBSOLETE] [CAN/MARC only] | |
| General subdivision | 00039553 |
| 700 1# - ADDED ENTRY--PERSONAL NAME | |
| Personal name | Gould, Graham. |
| 951 ## - EQUIVALENCE OR CROSS-REFERENCE-GEOGRAPHIC NAME/AREA NAME [OBSOLETE] [CAN/MARC only] | |
| -- | C-10159 |
| -- | CHBT198/B94j/2009/c.2 |
| -- | 110120142859218 |
| -- | 2000-12-21 |
| -- | CH |
| 942 00 - ADDED ENTRY ELEMENTS (KOHA) | |
| Koha issues (borrowed), all copies | 1 |
| Withdrawn status | Lost status | Damaged status | Not for loan | Home library | Current library | Shelving location | Date acquired | Accession number | Shelving control number | Total Checkouts | Full call number | Barcode | Date last seen | Date last borrowed | Price effective from | Koha item type |
|---|---|---|---|---|---|---|---|---|---|---|---|---|---|---|---|---|
| BSOP Library | BSOP Library | Chinese Books (General Circulation) | 12/21/2000 | C-10159 | 127 | 1 | CHBT198/B94j/2009/c.2 | 00039553 | 01/06/2025 | 12/20/2024 | 02/23/2013 | Books |
